Entry Personal Name
Number of records used in: 1
001 - CONTROL NUMBER
003 - CONTROL NUMBER IDENTIFIER
005 - DATE AND TIME OF LATEST TRANSACTION
- control field:
20231005161251.0
008 - FIXED-LENGTH DATA ELEMENTS
- fixed length control field:
970903n| azannaabn |b aaa
010 ## - LIBRARY OF CONGRESS CONTROL NUMBER
- LC control number:
n 97088095
035 ## - SYSTEM CONTROL NUMBER
- System control number:
(OCoLC)oca04420837
040 ## - CATALOGING SOURCE
- Original cataloging agency:
DLC
- Language of cataloging:
eng
- Description conventions:
rda
- Transcribing agency:
DLC
- Modifying agency:
DLC
- Modifying agency:
OCoLC
- Modifying agency:
IEN
- Modifying agency:
OCoLC
- Modifying agency:
InU
- Modifying agency:
NNC
- Modifying agency:
DLC
046 ## - SPECIAL CODED DATES
- Birth date:
1968-01-07
- Source of date scheme:
edtf
053 #0 - LC CLASSIFICATION NUMBER
- Classification number element--single number or beginning number of span:
PG1038.17.O85
100 1# - HEADING--PERSONAL NAME
- Personal name:
Gospodinov, Georgi,
- Dates associated with a name:
1968-
370 ## - ASSOCIATED PLACE
- Place of birth:
I︠A︡mbol, Bulgaria
- Place of residence/headquarters:
Sofia, Bulgaria
374 ## - OCCUPATION
- Occupation:
Authors
- Occupation:
Critics
- Occupation:
Editors
- Source of term:
lcsh
375 ## - GENDER
377 ## - ASSOCIATED LANGUAGE
400 1# - SEE FROM TRACING--PERSONAL NAME
- Personal name:
Господинов, Георги,
- Dates associated with a name:
1968-
670 ## - SOURCE DATA FOUND
- Source citation:
Chereshata na edin narod, 1996:
- Information found:
t.p. (Georgi Gospodinov) p. 4 of cover (b. 1968)
670 ## - SOURCE DATA FOUND
- Source citation:
And other stories, 2007:
- Information found:
CIP t.p. (Georgi Gospodinov) CIP galley (poet, fiction writer, playwright, and critic; lives in Sofia, Bulgaria; Ph.D. at the Institute of Literature at the Bulgarian Academy of Sciences, the editor of a weekly literary newspaper, and a columnist)
670 ## - SOURCE DATA FOUND
- Source citation:
60 godini Institut za Literatura, 2009:
- Information found:
p. 336 (Gospodinov, Georgi (Georgi Gospodinov Georgiev); b. Jan. 7, 1968, in I︠A︡mbol)